000 01473cam a2200325 a 4500
999 _c128813
_d128813
001 14868055
003 ARRUPE
005 20190129173815.0
008 070529s2007 nyua b 001 0 eng
010 _a 2007021965
020 _a9781845451882 (hardback : alk. paper)
020 _a1845451880 (hardback : alk. paper)
035 _a(OCoLC)ocn137331464
035 _a(OCoLC)137331464
040 _aDLC
_cDLC
_dBTCTA
_dBAKER
_dC#P
_dYDXCP
_dDLC
043 _apo-----
050 0 0 _aSPC. GN36.O34
_bF87 2007
082 0 0 _a069.0995
_222
245 0 4 _aThe future of indigenous museums :
_bperspectives from the southwest Pacific /
_cedited by Nick Stanley.
260 _aNew York :
_bBerghahn Books,
_c2007.
300 _aviii, 268 p. :
_bill. ;
_c24 cm.
440 0 _aMuseums and collections
_944139
504 _aIncludes bibliographical references (p. [239]-254) and index.
650 0 _aEthnological museums and collections
_zOceania.
_944140
700 1 _aStanley, Nick.
_944141
_eed.
906 _a7
_bcbc
_corignew
_d1
_eecip
_f20
_gy-gencatlg
942 _2lcc
_cSPC